| 000 | 01422nam a22001457a 4500 | ||
|---|---|---|---|
| 999 |
_c529349 _d529349 |
||
| 008 | 250317b ||||| |||| 00| 0 eng d | ||
| 100 |
_a Malmberg, Fredrik and Karv, Thomas _951333 |
||
| 245 | _aJacks of all trades, masters of none? Multiple-mandate holding and trust in local government | ||
| 260 | _aLocal Government Studies | ||
| 300 | _a50(5), Oct, 2024: p.871-892 | ||
| 520 | _aMultiple-mandate holding, i.e., the holding of more than one directly elected mandate simultaneously on different government tiers, is a controversial practice with potential consequences on political trust. The research purpose of this study is thus to contribute to this line of research by exploring how the extent of this practice at the local level reflects on the opinions of ordinary citizens and their confidence in local government. The aim of this paper is therefore to examine this question utilising a vignette survey experiment carried out in Finland. The findings presented contribute to shining a light on the potential consequences of this practice for trust in the local government by exposing one way in which negative evaluations of politicians are formed.- Reproduced https://www.tandfonline.com/doi/full/10.1080/03003930.2023.2282564 | ||
| 650 |
_aMultiple-mandate holding, Local government, Political trust, Vignette experiment, Finland. _951334 |
||
| 773 | _aLocal Government Studies | ||
| 942 | _cAR | ||